[Event "IX EICC w"]
[Site "Plovdiv BUL"]
[Date "2008.04.26"]
[Round "6"]
[White "Raeva, E."]
[Black "Dworakowska, J."]
[Result "1/2-1/2"]
[WhiteElo "2258"]
[BlackElo "2335"]
[PlyCount "123"]
[EventDate "2008.04.21"]

1. d4 d5 2. c4 c6 3. Nc3 e6 4. cxd5 exd5 5. Nf3 Bf5 6. Bf4 Bd6 7. Bg3 Bxg3 8.
hxg3 Qb6 9. Qd2 Nd7 10. e3 Ne7 11. Nh4 Nf6 12. Nxf5 Nxf5 13. Bd3 Nd6 14. Rb1
O-O 15. Qe2 Nde4 16. Bxe4 dxe4 17. g4 h6 18. Kf1 Rfe8 19. g3 Qa5 20. Kg2 Rad8
21. b4 Qg5 22. Rh4 Rd6 23. a4 b6 24. Rc1 Rxd4 25. exd4 Qxc1 26. g5 Qxg5 27.
Nxe4 Qd5 28. f3 Nh7 29. Qd2 Qd7 30. a5 bxa5 31. bxa5 Qd5 32. Rh1 f5 33. Nc5 Ng5
34. Rf1 Qc4 35. Qd3 Qd5 36. Rf2 Nf7 37. Rb2 g5 38. Rb7 g4 39. Qb3 gxf3+ 40. Kf1
Qxb3 41. Nxb3 a6 42. Rb6 Re2 43. Rxc6 Ng5 44. Rc3 Rb2 45. Nc5 Ra2 46. d5 Ne4
47. Nxe4 fxe4 48. d6 Kf7 49. Rc7+ Ke6 50. Re7+ Kf5 51. d7 Rd2 52. Ke1 Rd6 53.
Kf2 Rd3 54. Ke1 Rd5 55. Kf2 h5 56. Ke3 Rd3+ 57. Kf2 Rd1 58. Ke3 Kg5 59. Re5+
Kf6 60. Kxe4 Rxd7 61. Rf5+ Ke6 62. Rxf3 1/2-1/2
X-AntiVirus: checked by AntiVir MailGuard (Version: 8.0.0.18; AVE: 8.1.0.37; VDF: 7.0.3.243)

[Event "IX EICC w"]
[Site "Plovdiv BUL"]
[Date "2008.04.27"]
[Round "7"]
[White "Vajda, S."]
[Black "Majdan, J."]
[Result "1-0"]
[WhiteElo "2413"]
[BlackElo "2338"]
[PlyCount "61"]
[EventDate "2008.04.21"]

1. e4 c5 2. c3 d5 3. exd5 Qxd5 4. d4 e5 5. dxe5 Qxd1+ 6. Kxd1 Nc6 7. f4 Bg4+ 8.
Be2 O-O-O+ 9. Nd2 Bd7 10. Ngf3 f6 11. Re1 g5 12. fxg5 fxe5 13. Bd3 Nge7 14. Kc2
Ng6 15. Nc4 b5 16. Ne3 Nce7 17. Be4 Bg7 18. h4 Nf4 19. g3 Nh5 20. Rg1 Rhf8 21.
g4 Nf4 22. Bd2 Nh3 23. Rgf1 Rf4 24. Bxh7 Bxg4 25. Nxg4 Rxg4 26. Rh1 e4 27. Ne1
Rxh4 28. Bxe4 Rxe4 29. Rxh3 c4 30. Nf3 Re2 31. Rd1 1-0
X-AntiVirus: checked by AntiVir MailGuard (Version: 8.0.0.18; AVE: 8.1.0.37; VDF: 7.0.3.243)

[Event "IX EICC w"]
[Site "Plovdiv BUL"]
[Date "2008.04.30"]
[Round "9"]
[White "Rajlich, I."]
[Black "Romanko, M."]
[Result "1/2-1/2"]
[WhiteElo "2411"]
[BlackElo "2325"]
[PlyCount "107"]
[EventDate "2008.04.21"]

1. d4 d5 2. c4 c6 3. Nf3 Nf6 4. e3 e6 5. Bd3 Nbd7 6. O-O Bd6 7. Nc3 O-O 8. e4
e5 9. exd5 cxd5 10. cxd5 exd4 11. Ne4 Nxe4 12. Bxe4 Nf6 13. Bg5 Be7 14. Bxf6
Bxf6 15. Qd3 g6 16. Nxd4 Qb6 17. Rfd1 Qxb2 18. Rab1 Qxd4 19. Qxd4 Bxd4 20. Rxd4
Rd8 21. Rc4 Rb8 22. Rc7 Kf8 23. h3 Rd7 24. Rbc1 Rxc7 25. Rxc7 a5 26. d6 Be6 27.
Bxb7 Bxa2 28. d7 Rd8 29. Bc6 Be6 30. Ra7 Ke7 31. Rxa5 Bxd7 32. Ra7 Kd6 33. Bf3
h5 34. h4 Be6 35. Kh2 Ke5 36. Ra5+ Kf6 37. Be4 Rd4 38. f3 Rb4 39. Kg3 Rb2 40.
Rc5 Ra2 41. Bc2 Ra3 42. Kf4 Ra8 43. g4 hxg4 44. fxg4 Rc8 45. g5+ Kg7 46. Rxc8
Bxc8 47. Ke5 Ba6 48. Bb3 Bd3 49. Kd6 f6 50. Bd5 fxg5 51. hxg5 Bc2 52. Ke5 Bd3
53. Be4 Bc4 54. Bxg6 1/2-1/2
X-AntiVirus: checked by AntiVir MailGuard (Version: 8.0.0.18; AVE: 8.1.0.37; VDF: 7.0.3.243)

[Event "IX EICC w"]
[Site "Plovdiv BUL"]
[Date "2008.05.01"]
[Round "10"]
[White "Melia, S."]
[Black "Socko, M."]
[Result "0-1"]
[WhiteElo "2413"]
[BlackElo "2505"]
[PlyCount "116"]
[EventDate "2008.04.21"]
X-AntiVirus: checked by AntiVir MailGuard (Version: 8.0.0.18; AVE: 8.1.0.37; VDF: 7.0.3.243)

1. e4 e6 2. d4 d5 3. Nc3 Nf6 4. e5 Nfd7 5. f4 c5 6. Nf3 Nc6 7. Be3 cxd4 8. Nxd4
Bc5 9. Qd2 O-O 10. O-O-O a6 11. Qf2 Bxd4 12. Bxd4 b5 13. Be3 b4 14. Na4 a5 15.
h4 Qc7 16. h5 Ba6 17. h6 g6 18. Nb6 Nxb6 19. Bxb6 Qd7 20. g4 a4 21. Kb1 f6 22.
exf6 Bxf1 23. Rhxf1 Rxf6 24. Qe3 Rb8 25. Bd4 Rf7 26. Be5 Rc8 27. Bg7 Na5 28. b3
Nc6 29. Qd3 a3 30. Rde1 Rxg7 31. hxg7 Qxg7 32. Kc1 Qb2+ 33. Kd2 Nd4 34. Rc1 Rc3
35. Qa6 Rxc2+ 36. Rxc2 Qxc2+ 37. Ke1 Qc3+ 38. Kf2 Qf3+ 39. Ke1 Qe4+ 40. Kd2
Qg2+ 41. Kd1 Qxg4+ 42. Ke1 Qg3+ 43. Rf2 Qg1+ 44. Qf1 Qxf1+ 45. Kxf1 Kf7 46. Rd2
Nb5 47. Ke2 Kf6 48. Ke3 Kf5 49. Rc2 e5 50. fxe5 Kxe5 51. Rh2 Nc3 52. Rxh7 Nxa2
53. Kd2 Nc3 54. Kc2 d4 55. Rg7 a2 56. Kb2 d3 57. Rxg6 d2 58. Rg1 d1=R 0-1

[Event "IX EICC w"]
[Site "Plovdiv BUL"]
[Date "2008.04.22"]
[Round "2"]
[White "Socko, M."]
[Black "Komiagina, M."]
[Result "1/2-1/2"]
[WhiteElo "2505"]
[BlackElo "2285"]
[PlyCount "104"]
[EventDate "2008.04.21"]
X-AntiVirus: checked by AntiVir MailGuard (Version: 8.0.0.18; AVE: 8.1.0.37; VDF: 7.0.3.243)

1. d4 Nf6 2. c4 g6 3. Nc3 Bg7 4. e4 d6 5. Nf3 O-O 6. Be2 e5 7. Be3 Na6 8. O-O
Ng4 9. Bg5 Qe8 10. dxe5 dxe5 11. h3 f6 12. Bd2 Nh6 13. Be3 c6 14. c5 Nf7 15.
Bc4 Qe7 16. Na4 Kh8 17. a3 Nc7 18. b4 f5 19. Bxf7 Qxf7 20. Nc3 f4 21. Bc1 Ne6
22. Ne2 Qf6 23. Kh1 Ng5 24. Nxg5 Qxg5 25. Ng1 Be6 26. Bb2 Rad8 27. Qe2 Bb3 28.
a4 Rd7 29. Bc3 Rfd8 30. Rfb1 Be6 31. Rd1 Bc4 32. Qe1 Qh5 33. Rxd7 Rxd7 34. f3
Bf6 35. Bb2 g5 36. Rd1 Qe8 37. Rxd7 Qxd7 38. Qc1 Qd3 39. Bc3 Bb3 40. a5 Kg7 41.
Qb2 Qc2 42. Ne2 Qxb2 43. Bxb2 Kf7 44. Kg1 Ke6 45. Kf2 Bc4 46. Nc3 Bd8 47. Ke1
h5 48. Kf2 Bc7 49. Ke1 Kf6 50. Kf2 g4 51. fxg4 hxg4 52. hxg4 Kg5 1/2-1/2

[Event "IX EICC w"]
[Site "Plovdiv BUL"]
[Date "2008.04.25"]
[Round "5"]
[White "Worek, J."]
[Black "Milliet, S."]
[Result "0-1"]
[WhiteElo "2244"]
[BlackElo "2354"]
[PlyCount "218"]
[EventDate "2008.04.21"]
X-AntiVirus: checked by AntiVir MailGuard (Version: 8.0.0.18; AVE: 8.1.0.37; VDF: 7.0.3.243)

1. c4 Nf6 2. Nc3 e5 3. g3 d5 4. cxd5 Nxd5 5. Bg2 Nb6 6. Nf3 Nc6 7. O-O Be7 8.
d3 Be6 9. a3 O-O 10. b4 a5 11. b5 Nd4 12. Bb2 Nd5 13. Nxd5 Bxd5 14. e4 Bb3 15.
Qd2 Nxf3+ 16. Bxf3 Bf6 17. a4 Re8 18. Bc3 c6 19. Rfb1 Be6 20. Be2 c5 21. b6 Bg5
22. Qe1 Qd6 23. Rb5 Ra6 24. Rxa5 Rxb6 25. Rb1 Bd7 26. Ra7 Rxb1 27. Qxb1 Bc6 28.
a5 c4 29. dxc4 Qc5 30. Rxb7 Bxb7 31. Qxb7 Be3 32. Qb5 Bxf2+ 33. Kg2 Ra8 34. a6
Bg1 35. Be1 Qe3 36. c5 Qxc5 37. Qb7 Rd8 38. Qb3 Bd4 39. Bc4 Qe7 40. Qb7 Qxb7
41. axb7 Ba7 42. Bd5 g6 43. Ba5 Rd7 44. g4 Bb8 45. Bb4 Kg7 46. Kf3 f5 47. g5 f4
48. Bc3 h6 49. h4 hxg5 50. hxg5 Rd8 51. Bb4 Rh8 52. Kg2 Re8 53. Kf3 Kh7 54. Kg4
Kg7 55. Kf3 Rd8 56. Ba3 Rd7 57. Ke2 Kh8 58. Bf8 Rh7 59. Bh6 Rc7 60. Kd2 Rc5 61.
Bf8 Ra5 62. Ke2 Ra1 63. Kf2 Rc1 64. Bb4 Kh7 65. Kf3 Rd1 66. Bc5 Rd3+ 67. Ke2
Rg3 68. Be7 Rg2+ 69. Kf3 Rg3+ 70. Ke2 Rh3 71. Bc5 Rh5 72. Be7 Kg7 73. Kf3 Rh3+
74. Kg2 Rg3+ 75. Kf1 Kh7 76. Ke2 Rc3 77. Kd2 Rh3 78. Ke1 f3 79. Bc5 Rh2 80. Kf1
Rc2 81. Be3 Kg7 82. Be6 Re2 83. Bc5 Rxe4 84. Kf2 Rf4 85. Bd5 e4 86. Bd4+ Kh7
87. Bc4 Rf5 88. Ke3 Rxg5 89. Kxe4 Rf5 90. Bf2 Rf4+ 91. Kd3 Rf8 92. Be6 Rd8+ 93.
Ke4 Re8 94. Kd5 Re7 95. Bg4 Re2 96. Bd4 Re7 97. Bc8 g5 98. Kc6 Rc7+ 99. Kb6 Rc1
100. Bc5 Kh6 101. Bg4 Rf1 102. Bh3 Rb1+ 103. Kc6 Kh5 104. Bf5 Rc1 105. Kd5 g4
106. Be4 Rd1+ 107. Ke6 Rd2 108. Bc6 f2 109. Bg2 Rd1 0-1

[Event "IX EICC w"]
[Site "Plovdiv BUL"]
[Date "2008.04.29"]
[Round "8"]
[White "Zawadzka, J."]
[Black "Djingarova, E."]
[Result "1-0"]
[WhiteElo "2397"]
[BlackElo "2301"]
[PlyCount "58"]
[EventDate "2008.04.21"]
X-AntiVirus: checked by AntiVir MailGuard (Version: 8.0.0.18; AVE: 8.1.0.37; VDF: 7.0.3.243)

1. e4 e5 2. Nf3 Nc6 3. Bb5 a6 4. Ba4 Nf6 5. O-O b5 6. Bb3 Bc5 7. a4 Rb8 8. c3
O-O 9. d4 Bb6 10. dxe5 Ng4 11. axb5 axb5 12. Bg5 Qe8 13. Nd4 Ngxe5 14. Nf5 d6
15. Qh5 Bxf5 16. exf5 Qd7 17. f6 Qg4 18. Qxg4 Nxg4 19. fxg7 Rfe8 20. Bh4 Kxg7
21. h3 Nge5 22. Na3 b4 23. cxb4 Nxb4 24. Ba4 Re6 25. Kh2 Ned3 26. b3 Re2 27. f4
Rg8 28. Bd7 h5 29. Nb5 Bd4 1-0